[Event "Tournoi International du Pays de Charleroi 2018"]
[Site "Roux, Belgium"]
[Date "2018.08.02"]
[Round "7.28"]
[White "Uhoda, Philippe"]
[Black "Colin, Peter"]
[Result "1/2-1/2"]
[WhiteElo "2068"]
[BlackElo "1918"]

1. d4 {[%clk 01:30:55]} {[%emt 00:00:04]} d5 {[%clk 01:30:15]} {[%emt
00:00:45]} 2. c4 {[%clk 01:31:13]} {[%emt 00:00:12]} e6 {[%clk 01:30:33]}
{[%emt 00:00:12]} 3. Nc3 {[%clk 01:31:38]} {[%emt 00:00:05]} Nf6 {[%clk
01:30:35]} {[%emt 00:00:27]} 4. Nf3 {[%clk 01:31:25]} {[%emt 00:00:44]} c5
{[%clk 01:30:40]} {[%emt 00:00:24]} 5. cxd5 {[%clk 01:31:29]} {[%emt 00:00:27]}
exd5 {[%clk 01:30:59]} {[%emt 00:00:11]} 6. g3 {[%clk 01:31:33]} {[%emt
00:00:26]} Nc6 {[%clk 01:31:00]} {[%emt 00:00:28]} 7. Bg2 {[%clk 01:31:57]}
{[%emt 00:00:07]} cxd4 {[%clk 01:29:32]} {[%emt 00:01:57]} 8. Nxd4 {[%clk
01:32:10]} {[%emt 00:00:18]} Be7 {[%clk 01:29:11]} {[%emt 00:00:51]} 9. O-O
{[%clk 01:32:23]} {[%emt 00:00:17]} O-O {[%clk 01:29:20]} {[%emt 00:00:21]} 10.
Bg5 {[%clk 01:27:14]} {[%emt 00:05:38]} h6 {[%clk 01:28:33]} {[%emt 00:01:17]}
11. Be3 {[%clk 01:27:22]} {[%emt 00:00:23]} Bg4 {[%clk 01:23:39]} {[%emt
00:05:24]} 12. Rc1 {[%clk 01:26:24]} {[%emt 00:01:28]} Re8 {[%clk 01:23:40]}
{[%emt 00:00:28]} 13. Nxc6 {[%clk 01:10:23]} {[%emt 00:16:31]} bxc6 {[%clk
01:24:00]} {[%emt 00:00:10]} 14. Na4 {[%clk 01:10:21]} {[%emt 00:00:33]} Qd7
{[%clk 01:23:50]} {[%emt 00:00:40]} 15. a3 {[%clk 01:00:46]} {[%emt 00:10:05]}
Rac8 {[%clk 01:19:30]} {[%emt 00:04:49]} 16. Re1 {[%clk 01:00:29]} {[%emt
00:00:47]} Bf8 {[%clk 01:19:16]} {[%emt 00:00:45]} 17. Bc5 {[%clk 00:59:49]}
{[%emt 00:01:10]} Qb7 {[%clk 01:15:42]} {[%emt 00:04:03]} 18. Bxf8 {[%clk
00:57:36]} {[%emt 00:02:44]} Kxf8 {[%clk 01:15:09]} {[%emt 00:01:03]} 19. h3
{[%clk 00:45:06]} {[%emt 00:13:00]} Bf5 {[%clk 01:13:49]} {[%emt 00:01:49]} 20.
Qd4 {[%clk 00:44:02]} {[%emt 00:01:31]} Kg8 {[%clk 01:11:42]} {[%emt 00:02:41]}
21. Nc5 {[%clk 00:42:57]} {[%emt 00:01:35]} Qb6 {[%clk 01:11:39]} {[%emt
00:00:32]} 22. e3 {[%clk 00:41:30]} {[%emt 00:01:57]} Nd7 {[%clk 01:03:54]}
{[%emt 00:08:16]} 23. Nxd7 {[%clk 00:39:29]} {[%emt 00:02:32]} Qxd4 {[%clk
01:01:44]} {[%emt 00:02:39]} 24. exd4 {[%clk 00:39:50]} {[%emt 00:00:08]} Bxd7
{[%clk 01:02:07]} {[%emt 00:00:07]} 25. Re3 {[%clk 00:36:10]} {[%emt 00:04:10]}
Rb8 {[%clk 01:01:38]} {[%emt 00:01:00]} 26. b4 {[%clk 00:36:21]} {[%emt
00:00:19]} Kf8 {[%clk 00:51:40]} {[%emt 00:10:27]} 27. Rc5 {[%clk 00:33:59]}
{[%emt 00:02:52]} Rb7 {[%clk 00:45:30]} {[%emt 00:06:40]} 28. h4 {[%clk
00:33:34]} {[%emt 00:00:56]} Re6 {[%clk 00:34:55]} {[%emt 00:11:05]} 29. Rxe6
{[%clk 00:33:38]} {[%emt 00:00:26]} fxe6 {[%clk 00:35:06]} {[%emt 00:00:18]} 30.
f4 {[%clk 00:33:49]} {[%emt 00:00:19]} Ke7 {[%clk 00:34:21]} {[%emt 00:01:16]}
31. Kf2 {[%clk 00:34:03]} {[%emt 00:00:16]} Kf6 {[%clk 00:33:56]} {[%emt
00:00:53]} 32. Ke3 {[%clk 00:34:02]} {[%emt 00:00:33]} g5 {[%clk 00:32:59]}
{[%emt 00:01:26]} 33. fxg5+ {[%clk 00:24:22]} {[%emt 00:10:10]} hxg5 {[%clk
00:32:59]} {[%emt 00:00:31]} 34. hxg5+ {[%clk 00:14:15]} {[%emt 00:10:36]} Kxg5
{[%clk 00:33:03]} {[%emt 00:00:26]} 35. Bf3 {[%clk 00:14:40]} {[%emt 00:00:05]}
Be8 {[%clk 00:31:53]} {[%emt 00:01:40]} 36. Be2 {[%clk 00:12:52]} {[%emt
00:02:18]} Kf5 {[%clk 00:30:41]} {[%emt 00:01:42]} 37. Rc1 {[%clk 00:10:23]}
{[%emt 00:02:59]} Kg5 {[%clk 00:24:23]} {[%emt 00:06:48]} 38. Rh1 {[%clk
00:08:44]} {[%emt 00:02:08]} Re7 {[%clk 00:23:56]} {[%emt 00:00:58]} 39. Bf3
{[%clk 00:03:53]} {[%emt 00:05:21]} e5 {[%clk 00:23:26]} {[%emt 00:01:00]} 40.
dxe5 {[%clk 00:04:03]} {[%emt 00:00:20]} Rxe5+ {[%clk 00:23:50]} {[%emt
00:00:06]} 41. Kd4 {[%clk 00:04:24]} {[%emt 00:00:10]} Rf5 {[%clk 00:23:21]}
{[%emt 00:00:58]} 42. Be2 {[%clk 00:03:22]} {[%emt 00:01:29]} Rf2 {[%clk
00:17:02]} {[%emt 00:06:52]} 43. Re1 {[%clk 00:03:07]} {[%emt 00:00:45]} Bd7
{[%clk 00:15:58]} {[%emt 00:01:33]} 44. Ba6 {[%clk 00:02:01]} {[%emt 00:01:37]}
Kf6 {[%clk 00:09:33]} {[%emt 00:06:54]} 45. Re3 {[%clk 00:01:57]} {[%emt
00:00:35]} Rc2 {[%clk 00:08:34]} {[%emt 00:01:29]} 46. Rf3+ {[%clk 00:29:49]}
{[%emt 00:02:38]} Ke6 {[%clk 00:37:52]} {[%emt 00:01:13]} 47. Bd3 {[%clk
00:29:00]} {[%emt 00:01:16]} Rc1 {[%clk 00:37:13]} {[%emt 00:01:10]} 48. g4
{[%clk 00:20:13]} {[%emt 00:09:18]} Rg1 {[%clk 00:36:07]} {[%emt 00:01:36]} 49.
Bf5+ {[%clk 00:17:55]} {[%emt 00:02:48]} Kd6 {[%clk 00:36:18]} {[%emt
00:00:18]} 50. Bxd7 {[%clk 00:17:52]} {[%emt 00:00:34]} Kxd7 {[%clk 00:31:45]}
{[%emt 00:05:03]} 51. Ke5 {[%clk 00:14:56]} {[%emt 00:03:26]} Rxg4 {[%clk
00:31:23]} {[%emt 00:00:52]} 52. Rf7+ {[%clk 00:15:18]} {[%emt 00:00:07]} Kc8
{[%clk 00:30:04]} {[%emt 00:01:49]} 53. Rxa7 {[%clk 00:12:57]} {[%emt
00:02:52]} d4 {[%clk 00:24:37]} {[%emt 00:05:57]} 54. Rh7 {[%clk 00:12:07]}
{[%emt 00:01:20]} d3 {[%clk 00:20:18]} {[%emt 00:04:49]} 55. Rh2 {[%clk
00:10:53]} {[%emt 00:01:44]} Rc4 {[%clk 00:19:07]} {[%emt 00:01:41]} 56. Rd2
{[%clk 00:10:26]} {[%emt 00:00:54]} Rc3 {[%clk 00:19:14]} {[%emt 00:00:25]} 57.
a4 {[%clk 00:05:40]} {[%emt 00:05:18]} Rb3 {[%clk 00:14:15]} {[%emt 00:05:28]}
58. Kd6 {[%clk 00:03:52]} {[%emt 00:02:18]} Kb7 {[%clk 00:14:03]} {[%emt
00:00:43]} 59. Kc5 {[%clk 00:03:46]} {[%emt 00:00:35]} Ka6 {[%clk 00:08:21]}
{[%emt 00:06:12]} 60. Kc4 {[%clk 00:03:56]} {[%emt 00:00:17]} Ra3 {[%clk
00:08:24]} {[%emt 00:00:30]} 61. a5 {[%clk 00:03:55]} {[%emt 00:00:31]} Ra1
{[%clk 00:06:51]} {[%emt 00:02:03]} 62. Rxd3 {[%clk 00:03:38]} {[%emt
00:00:47]} Rc1+ {[%clk 00:07:09]} {[%emt 00:00:12]} 63. Rc3 {[%clk 00:03:25]}
{[%emt 00:00:44]} Rh1 {[%clk 00:07:25]} {[%emt 00:00:13]} 64. Kc5 {[%clk
00:03:15]} {[%emt 00:00:38]} Rh4 {[%clk 00:05:19]} {[%emt 00:02:37]} 65. Rc4
{[%clk 00:03:26]} {[%emt 00:00:18]} Rh6 {[%clk 00:05:39]} {[%emt 00:00:12]} 66.
Rd4 {[%clk 00:03:36]} {[%emt 00:00:19]} Kb7 {[%clk 00:05:42]} {[%emt 00:00:28]}
67. Rd7+ {[%clk 00:03:54]} {[%emt 00:00:12]} Ka6 {[%clk 00:04:47]} {[%emt
00:01:26]} 68. Rd6 {[%clk 00:03:16]} {[%emt 00:01:07]} Rh5+ {[%clk 00:03:51]}
{[%emt 00:01:25]} 69. Kxc6 {[%clk 00:03:25]} {[%emt 00:00:21]} Rb5 {[%clk
00:04:17]} {[%emt 00:00:05]} 70. Kc7+ {[%clk 00:01:54]} {[%emt 00:02:01]} Ka7
{[%clk 00:04:40]} {[%emt 00:00:07]} 71. Rb6 {[%clk 00:01:45]} {[%emt 00:00:39]}
Rh5 {[%clk 00:04:51]} {[%emt 00:00:18]} 72. Kc6 {[%clk 00:00:59]} {[%emt
00:01:16]} Rh6+ {[%clk 00:05:13]} {[%emt 00:00:09]} 73. Kc5 {[%clk 00:01:17]}
{[%emt 00:00:13]} Rxb6 {[%clk 00:05:24]} {[%emt 00:00:18]} 74. axb6+ {[%clk
00:01:45]} {[%emt 00:00:03]} Ka6 {[%clk 00:04:12]} {[%emt 00:01:42]} 75. b7
{[%clk 00:01:33]} {[%emt 00:00:42]} Ka7 {[%clk 00:02:21]} {[%emt 00:02:20]} 76.
Kc6 {[%clk 00:01:39]} {[%emt 00:00:24]} Kb8 {[%clk 00:02:42]} {[%emt 00:00:10]}
77. Kb5 {[%clk 00:01:28]} {[%emt 00:00:41]} Kxb7 {[%clk 00:02:54]} {[%emt
00:00:18]} 78. Kc5 {[%clk 00:01:42]} {[%emt 00:00:14]} Kc7 {[%clk 00:03:21]}
{[%emt 00:00:04]} 79. b5 {[%clk 00:02:05]} {[%emt 00:00:07]} Kc8 {[%emt
00:00:26]} 1/2-1/2

[Event "Tournoi International du Pays de Charleroi 2018"]
[Site "Roux, Belgium"]
[Date "2018.08.02"]
[Round "7.4"]
[White "Inkiov, Ventzislav"]
[Black "Maddens, Martijn"]
[Result "1-0"]
[WhiteTitle "GM"]
[WhiteElo "2432"]
[BlackElo "2141"]

1. c4 {[%clk 01:30:42]} {[%emt 00:00:17]} f5 {[%clk 01:30:55]} {[%emt
00:00:06]} 2. d4 {[%clk 01:30:23]} {[%emt 00:00:49]} Nf6 {[%clk 01:31:19]}
{[%emt 00:00:06]} 3. Nc3 {[%clk 01:30:48]} {[%emt 00:00:04]} d6 {[%clk
01:31:46]} {[%emt 00:00:03]} 4. Nf3 {[%clk 01:29:57]} {[%emt 00:01:21]} g6
{[%clk 01:32:08]} {[%emt 00:00:09]} 5. g3 {[%clk 01:29:37]} {[%emt 00:00:49]}
Bg7 {[%clk 01:32:32]} {[%emt 00:00:06]} 6. Bg2 {[%clk 01:30:03]} {[%emt
00:00:05]} O-O {[%clk 01:32:55]} {[%emt 00:00:05]} 7. O-O {[%clk 01:30:28]}
{[%emt 00:00:05]} Qe8 {[%clk 01:33:23]} {[%emt 00:00:03]} 8. b3 {[%clk
01:30:47]} {[%emt 00:00:12]} Na6 {[%clk 01:33:46]} {[%emt 00:00:07]} 9. Ba3
{[%clk 01:29:13]} {[%emt 00:02:04]} c6 {[%clk 01:34:00]} {[%emt 00:00:15]} 10.
Qc2 {[%clk 01:29:07]} {[%emt 00:00:36]} Rb8 {[%clk 01:30:54]} {[%emt 00:03:37]}
11. b4 {[%clk 01:16:48]} {[%emt 00:12:48]} b5 {[%clk 01:25:51]} {[%emt
00:05:33]} 12. cxb5 {[%clk 01:16:10]} {[%emt 00:01:08]} cxb5 {[%clk 01:26:10]}
{[%emt 00:00:11]} 13. Qb3+ {[%clk 01:16:35]} {[%emt 00:00:05]} Kh8 {[%clk
01:21:18]} {[%emt 00:05:23]} 14. Rad1 {[%clk 01:15:00]} {[%emt 00:02:05]} e5
{[%clk 01:18:13]} {[%emt 00:03:34]} 15. dxe5 {[%clk 01:15:05]} {[%emt
00:00:25]} dxe5 {[%clk 01:18:38]} {[%emt 00:00:04]} 16. Rd6 {[%clk 01:15:17]}
{[%emt 00:00:18]} Nc7 {[%clk 01:14:10]} {[%emt 00:05:00]} 17. Rfd1 {[%clk
01:06:11]} {[%emt 00:09:35]} Qe7 {[%clk 01:01:38]} {[%emt 00:13:02]} 18. Bb2
{[%clk 00:58:53]} {[%emt 00:07:48]} e4 {[%clk 01:01:06]} {[%emt 00:01:02]} 19.
Ne5 {[%clk 00:52:14]} {[%emt 00:07:09]} Qxe5 {[%clk 00:50:22]} {[%emt
00:11:15]} 20. Nxe4 {[%clk 00:51:28]} {[%emt 00:01:15]} Qxb2 {[%clk 00:43:29]}
{[%emt 00:07:24]} 21. Qxb2 {[%clk 00:50:55]} {[%emt 00:01:02]} Nxe4 {[%clk
00:43:53]} {[%emt 00:00:05]} 22. Qc2 {[%clk 00:50:47]} {[%emt 00:00:38]} Nxd6
{[%clk 00:40:48]} {[%emt 00:03:36]} 23. Qxc7 {[%clk 00:50:40]} {[%emt
00:00:37]} Rb6 {[%clk 00:40:10]} {[%emt 00:01:09]} 24. Rxd6 {[%clk 00:47:29]}
{[%emt 00:03:39]} Be5 {[%clk 00:39:44]} {[%emt 00:00:57]} 25. Qc5 {[%clk
00:46:16]} {[%emt 00:01:44]} Rxd6 {[%clk 00:36:02]} {[%emt 00:04:12]} 26. Qxe5
{[%clk 00:46:40]} {[%emt 00:00:05]} Rdf6 {[%clk 00:36:29]} {[%emt 00:00:03]} 27.
Bd5 {[%clk 00:46:06]} {[%emt 00:01:04]} a6 {[%clk 00:33:39]} {[%emt 00:03:21]}
28. f4 {[%clk 00:45:20]} {[%emt 00:01:15]} Bd7 {[%clk 00:17:32]} {[%emt
00:16:37]} 29. Qe7 {[%clk 00:45:27]} {[%emt 00:00:23]} Be8 {[%clk 00:17:58]}
{[%emt 00:00:03]} 30. h4 {[%clk 00:45:44]} {[%emt 00:00:13]} h6 {[%clk
00:18:14]} {[%emt 00:00:15]} 31. Kf2 {[%clk 00:45:55]} {[%emt 00:00:18]} 1-0

[Event "Tournoi International du Pays de Charleroi 2018"]
[Site "Roux, Belgium"]
[Date "2018.08.02"]
[Round "7.5"]
[White "De Schampheleire, Glen"]
[Black "Kukov, Velislav"]
[Result "1-0"]
[WhiteTitle "FM"]
[BlackTitle "IM"]
[WhiteElo "2347"]
[BlackElo "2382"]

1. Nf3 {[%clk 01:30:57]} {[%emt 00:00:02]} d5 {[%clk 01:30:48]} {[%emt
00:00:12]} 2. g3 {[%clk 01:31:19]} {[%emt 00:00:07]} Nf6 {[%clk 01:31:04]}
{[%emt 00:00:15]} 3. Bg2 {[%clk 01:31:43]} {[%emt 00:00:06]} Bf5 {[%clk
01:31:22]} {[%emt 00:00:12]} 4. O-O {[%clk 01:31:59]} {[%emt 00:00:14]} e6
{[%clk 01:31:36]} {[%emt 00:00:16]} 5. d3 {[%clk 01:31:16]} {[%emt 00:01:12]}
h6 {[%emt 00:00:51]} 6. c4 {[%clk 01:31:05]} c6 {[%clk 01:32:07]} {[%emt
00:00:19]} 7. Qb3 {[%clk 01:28:03]} {[%emt 00:03:32]} Qb6 {[%clk 01:30:00]}
{[%emt 00:02:37]} 8. Be3 {[%clk 01:27:56]} {[%emt 00:00:37]} Qxb3 {[%clk
01:18:31]} {[%emt 00:12:01]} 9. axb3 {[%clk 01:28:04]} {[%emt 00:00:22]} a6
{[%clk 01:18:40]} {[%emt 00:00:20]} 10. Nc3 {[%clk 01:15:17]} {[%emt 00:13:16]}
Nbd7 {[%clk 01:16:37]} {[%emt 00:02:33]} 11. Na4 {[%clk 01:02:23]} {[%emt
00:13:25]} Bg4 {[%clk 01:11:22]} {[%emt 00:05:45]} 12. Rfc1 {[%clk 00:54:57]}
{[%emt 00:07:56]} Bxf3 {[%clk 01:06:49]} {[%emt 00:05:03]} 13. Bxf3 {[%clk
00:54:52]} {[%emt 00:00:34]} Be7 {[%clk 01:07:05]} {[%emt 00:00:15]} 14. cxd5
{[%clk 00:40:55]} {[%emt 00:14:28]} exd5 {[%clk 01:04:10]} {[%emt 00:03:25]} 15.
Bd2 {[%clk 00:41:19]} {[%emt 00:00:06]} O-O {[%clk 01:04:06]} {[%emt 00:00:34]}
16. b4 {[%clk 00:40:12]} {[%emt 00:01:37]} Rfe8 {[%clk 01:00:11]} {[%emt
00:04:24]} 17. Nc5 {[%clk 00:34:21]} {[%emt 00:06:21]} Nxc5 {[%clk 00:57:53]}
{[%emt 00:02:48]} 18. bxc5 {[%clk 00:34:48]} {[%emt 00:00:04]} Nd7 {[%clk
00:57:04]} {[%emt 00:01:19]} 19. d4 {[%clk 00:32:21]} {[%emt 00:02:57]} f5
{[%clk 00:53:00]} {[%emt 00:04:33]} 20. Rc3 {[%clk 00:28:15]} {[%emt 00:04:36]}
g5 {[%clk 00:42:15]} {[%emt 00:11:15]} 21. Rb3 {[%clk 00:25:24]} {[%emt
00:03:22]} Rab8 {[%clk 00:41:39]} {[%emt 00:01:05]} 22. Kf1 {[%clk 00:23:31]}
{[%emt 00:02:23]} Bf6 {[%emt 00:16:58]} 23. Ra4 {[%clk 00:18:19]} Nf8 {[%clk
00:28:01]} {[%emt 00:03:21]} 24. Rab4 {[%clk 00:17:51]} {[%emt 00:00:58]} Ne6
{[%clk 00:12:25]} {[%emt 00:16:05]} 25. e3 {[%clk 00:15:47]} {[%emt 00:02:35]}
Nd8 {[%clk 00:10:55]} {[%emt 00:02:01]} 26. Be2 {[%clk 00:15:52]} {[%emt
00:00:25]} Rc8 {[%clk 00:10:59]} {[%emt 00:00:25]} 27. Bd3 {[%clk 00:14:47]}
{[%emt 00:01:34]} f4 {[%clk 00:08:09]} {[%emt 00:03:21]} 28. exf4 {[%clk
00:12:34]} {[%emt 00:02:43]} Rc7 {[%clk 00:08:35]} {[%emt 00:00:04]} 29. Bf5
{[%clk 00:09:10]} {[%emt 00:03:53]} Rf8 {[%clk 00:07:15]} {[%emt 00:01:51]} 30.
g4 {[%clk 00:09:21]} {[%emt 00:00:18]} Re7 {[%clk 00:07:20]} {[%emt 00:00:25]}
31. Rh3 {[%clk 00:09:11]} {[%emt 00:00:40]} Kg7 {[%clk 00:05:40]} {[%emt
00:02:11]} 32. fxg5 {[%clk 00:05:30]} {[%emt 00:04:11]} hxg5 {[%clk 00:06:08]}
{[%emt 00:00:01]} 33. Rbb3 {[%clk 00:05:44]} {[%emt 00:00:17]} Rh8 {[%clk
00:04:39]} {[%emt 00:01:59]} 34. Rxh8 {[%clk 00:04:58]} {[%emt 00:01:16]} Kxh8
{[%clk 00:05:08]} {[%emt 00:00:01]} 35. Rh3 {[%clk 00:05:20]} {[%emt 00:00:08]}
Kg8 {[%clk 00:05:34]} {[%emt 00:00:04]} 36. Rh6 {[%clk 00:04:21]} {[%emt
00:01:29]} Bxd4 {[%clk 00:04:18]} {[%emt 00:01:46]} 37. Bxg5 {[%clk 00:04:26]}
{[%emt 00:00:25]} Re8 {[%clk 00:04:38]} {[%emt 00:00:10]} 38. b4 {[%clk
00:03:02]} {[%emt 00:01:53]} Bc3 {[%clk 00:04:33]} {[%emt 00:00:35]} 39. Rg6+
{[%clk 00:02:21]} {[%emt 00:01:11]} Kf7 {[%clk 00:03:24]} {[%emt 00:01:39]} 40.
Rd6 {[%clk 00:02:24]} {[%emt 00:00:27]} Ne6 {[%clk 00:03:50]} {[%emt 00:00:04]}
41. Rd7+ {[%clk 00:02:12]} {[%emt 00:00:42]} Kg8 {[%clk 00:03:42]} {[%emt
00:00:38]} 42. Bg6 {[%clk 00:24:13]} {[%emt 00:08:30]} Rf8 {[%clk 00:34:07]}
{[%emt 00:00:04]} 43. Bh6 {[%clk 00:24:30]} {[%emt 00:00:12]} Ng7 {[%clk
00:34:12]} {[%emt 00:00:26]} 44. Rxb7 {[%clk 00:24:22]} {[%emt 00:00:38]} 1-0

[Event "Tournoi International du Pays de Charleroi 2018"]
[Site "Roux, Belgium"]
[Date "2018.08.02"]
[Round "7.7"]
[White "Okhotnik, Vladimir"]
[Black "Goossens, Hanne"]
[Result "0-1"]
[WhiteTitle "GM"]
[BlackTitle "WFM"]
[WhiteElo "2384"]
[BlackElo "2204"]

1. e4 {[%clk 01:30:48]} {[%emt 00:00:11]} c5 {[%clk 01:30:50]} {[%emt
00:00:11]} 2. Nf3 {[%clk 01:31:01]} {[%emt 00:00:16]} d6 {[%clk 01:31:07]}
{[%emt 00:00:14]} 3. Bb5+ {[%clk 01:31:21]} {[%emt 00:00:09]} Nc6 {[%clk
01:30:57]} {[%emt 00:00:40]} 4. O-O {[%clk 01:31:33]} {[%emt 00:00:18]} Bd7
{[%clk 01:31:14]} {[%emt 00:00:13]} 5. c3 {[%clk 01:31:56]} {[%emt 00:00:06]}
Nf6 {[%clk 01:31:05]} {[%emt 00:00:39]} 6. d4 {[%clk 01:32:19]} {[%emt
00:00:07]} cxd4 {[%clk 01:20:39]} {[%emt 00:10:57]} 7. cxd4 {[%clk 01:32:42]}
{[%emt 00:00:07]} Nxe4 {[%clk 01:20:22]} {[%emt 00:00:47]} 8. d5 {[%clk
01:33:04]} {[%emt 00:00:08]} Ne5 {[%clk 01:18:21]} {[%emt 00:02:31]} 9. Na3
{[%clk 01:33:26]} {[%emt 00:00:07]} g6 {[%clk 01:14:38]} {[%emt 00:04:13]} 10.
Re1 {[%clk 01:31:16]} {[%emt 00:02:38]} Nf6 {[%clk 01:12:05]} {[%emt 00:03:05]}
11. Nxe5 {[%clk 01:30:59]} {[%emt 00:00:46]} dxe5 {[%clk 01:12:11]} {[%emt
00:00:24]} 12. Bg5 {[%clk 01:18:37]} {[%emt 00:12:52]} Bg7 {[%clk 01:09:30]}
{[%emt 00:03:11]} 13. d6 {[%clk 01:11:22]} {[%emt 00:07:44]} e6 {[%clk
00:56:04]} {[%emt 00:13:57]} 14. Qf3 {[%clk 01:08:30]} {[%emt 00:03:22]} Bxb5
{[%clk 00:54:53]} {[%emt 00:01:42]} 15. Nxb5 {[%clk 01:08:40]} {[%emt
00:00:20]} O-O {[%clk 00:54:12]} {[%emt 00:01:11]} 16. Rad1 {[%clk 01:03:08]}
{[%emt 00:06:01]} h6 {[%clk 00:40:52]} {[%emt 00:13:50]} 17. Bxf6 {[%clk
00:57:03]} {[%emt 00:06:35]} Bxf6 {[%clk 00:40:13]} {[%emt 00:01:08]} 18. Nc7
{[%clk 00:57:23]} {[%emt 00:00:11]} Rb8 {[%clk 00:38:31]} {[%emt 00:02:12]} 19.
Qe3 {[%clk 00:57:33]} {[%emt 00:00:20]} b6 {[%clk 00:31:36]} {[%emt 00:07:25]}
20. Qxh6 {[%clk 00:55:37]} {[%emt 00:02:26]} Qd7 {[%clk 00:30:39]} {[%emt
00:01:27]} 21. Rd3 {[%clk 00:55:32]} {[%emt 00:00:35]} b5 {[%clk 00:28:35]}
{[%emt 00:02:34]} 22. Na6 {[%clk 00:52:16]} {[%emt 00:03:46]} Rbc8 {[%clk
00:27:43]} {[%emt 00:01:21]} 23. b4 {[%clk 00:49:32]} {[%emt 00:03:17]} Rc4
{[%clk 00:24:02]} {[%emt 00:04:09]} 24. Nc5 {[%clk 00:49:43]} {[%emt 00:00:20]}
Qc6 {[%clk 00:19:38]} {[%emt 00:04:52]} 25. Rh3 {[%clk 00:47:11]} {[%emt
00:03:04]} Re8 {[%clk 00:17:46]} {[%emt 00:02:21]} 26. d7 {[%clk 00:41:44]}
{[%emt 00:05:57]} Rd8 {[%clk 00:17:36]} {[%emt 00:00:40]} 27. a3 {[%clk
00:41:22]} {[%emt 00:00:54]} a5 {[%clk 00:15:09]} {[%emt 00:02:57]} 28. Rf3
{[%clk 00:35:52]} {[%emt 00:06:00]} Rh4 {[%clk 00:04:20]} {[%emt 00:11:18]} 29.
Qe3 {[%clk 00:33:13]} {[%emt 00:03:09]} Rf4 {[%clk 00:03:44]} {[%emt 00:01:05]}
30. Rxf4 {[%clk 00:33:09]} {[%emt 00:00:36]} exf4 {[%clk 00:04:10]} {[%emt
00:00:04]} 31. Qxf4 {[%clk 00:24:05]} {[%emt 00:09:33]} Be7 {[%clk 00:04:31]}
{[%emt 00:00:08]} 32. Nd3 {[%clk 00:24:01]} {[%emt 00:00:36]} Qc3 {[%clk
00:03:58]} {[%emt 00:01:03]} 33. Qe4 {[%clk 00:21:19]} {[%emt 00:03:12]} Rxd7
{[%clk 00:02:08]} {[%emt 00:02:20]} 34. Ne5 {[%clk 00:21:41]} {[%emt 00:00:07]}
Rd4 {[%clk 00:02:04]} {[%emt 00:00:34]} 35. Qe2 {[%clk 00:21:20]} {[%emt
00:00:51]} axb4 {[%clk 00:01:22]} {[%emt 00:01:13]} 36. Nxf7 {[%clk 00:21:29]}
{[%emt 00:00:20]} bxa3 {[%clk 00:01:33]} {[%emt 00:00:19]} 37. Nh6+ {[%clk
00:20:13]} {[%emt 00:01:46]} Kg7 {[%clk 00:01:43]} {[%emt 00:00:18]} 38. Qxe6
{[%clk 00:20:02]} {[%emt 00:00:42]} Bf6 {[%clk 00:01:28]} {[%emt 00:00:45]} 39.
Rf1 {[%clk 00:19:03]} {[%emt 00:01:29]} Qc4 {[%emt 00:02:24]} 40. Qb6 {[%clk
00:18:05]} a2 {[%clk 00:01:04]} {[%emt 00:00:27]} 41. h3 {[%clk 00:17:32]}
{[%emt 00:01:03]} Qxf1+ {[%clk 00:28:23]} {[%emt 00:01:55]} 0-1